000
00328pab a2200145 454500
008
180718b1986 xxu||||| |||| 00| 0 eng d
100
_a
Sen, A.N.
245
_a
Misuse of freedom of press
260
_c
1986
300
_a
2-9
362
_a
Oct.
650
_a
Press
773
_a
Press Council of India Review
909
_a
16006
999
_c
16006
_d
16006